Представление документа в формате RUSMARC

ПолеНазваниеЗначение
  Тип записи a
  Библиографический уровень m
001 Контрольный номер RU/IS/BASE/302626768
005 Дата корректировки 20210128100548.5
010 Индекс ISBN __
a ISBN 978-5-8199-0349-0. - 978-5-16-003262-7
d Цена 299-70
100 Данные общей обработки __
a Данные общей обработки 19040319d2004 |||y0rusy0189 ca
101 Язык документа 0_
a Язык текста rus
c Язык оригинала rus
105 Кодированные данные (монография) __
a Кодированные данные (монография) y zzzz000zy
200 Заглавие и сведения об ответственности 1_
a Заглавие Информационные технологии в профессиональной деятельности
e Сведения, относящиеся к заглавию учеб. пособие
f Первые сведения об ответственности Е. Л. Федотова
b Общее обозначение материала Текст
210 Выходные данные 1_
a Место издания М.
c Издательство Форум
c Издательство ИНФРА-М
d Дата издания 2008
215 Физическое описание __
a Объем 368 с.
c Иллюстрации/тип воспроизводства ил.
330 Аннотация __
a Аннотация В пособии излагаются возможности практического применения в профессиональной деятельности программ обработки графической информации, программ сканирования и распознавания информации, программ автоматического перевода текста и других технологий.
605 Заглавие как предмет __
a Заглавие FineReader /прикладная программа/
605 Заглавие как предмет __
a Заглавие 1С: Бухгалтерия
605 Заглавие как предмет __
a Заглавие CorelDraw /прикладная программа/
605 Заглавие как предмет __
a Заглавие Promt /прикладная программа/
605 Заглавие как предмет __
a Заглавие Lingvo /прикладная программа/
606 Тематические рубрики __
a Основная рубрика Радиоэлектроника
606 Тематические рубрики __
a Основная рубрика Теория информации. Общая теория связи
610 Ключевые слова 0_
a Ключевые слова информационные системы; мониторы; компьютеры; принтеры; программное обеспечение; текстовая информация; текстовые редакторы; электронные таблицы; базы данных; СУБД; электронные презентации; сканеры; автоматизация бухгалтерского учета; справочные системы; компьютерные сети; глобальные сети; Интернет; Internet; компьютерная безопасность; вирусы; компьютерные вирусы; сканирование; компьютерная графика; информационные технологии
686 Индексы других классификаций __
a Классификационный индекс 32.973я723
700 Автор _1
a Фамилия Федотова
b Имя Е. Л.
4 Код отношения 070
801 Источник записи _0
a Страна
b Организация Муниципальное бюджетное учреждение культуры "Централизованная библиотечная система" г. Сургут (Центральная городская библиотека им. А. С. Пушкина)
c Дата составления 20040319
g Правила каталогизации КиК/Елгина
801 Источник записи _1
a Страна
b Организация Муниципальное бюджетное учреждение культуры "Централизованная библиотечная система" г. Сургут (Центральная городская библиотека им. А. С. Пушкина)
c Дата составления 20040319
g Правила каталогизации КиК/Елгина
852 Данные о местонахождении __
j Шифр хранения 32.973я723
c Каталожный индекс 32.81я723
i Авторский знак Ф 34
901 Тип документа __
t Тип документа m
903 Характеристики (МАРС) __
a Дата передачи 20090811
969 Тип издания __
a Тип издания учебное пособие
990 Данные о заказе (DOS) __
j Количество экземпляров (DOS) 1
t N записи в КСУ для И/У (DOS) 200908